Statystyki dla Ekstraklasa - sponsorzy tytularni

Kliknij tutaj aby rozwiązać quiz!

Ogólne statystyki

  • Ten quiz został rozwiązany 654 razy
  • Średni wynik to 7 z 9

Statystyki odpowiedzi

LataSponsor% Poprawnych
2016/2017Lotto
87%
2011/2012T-Mobile
87%
2012/2013T-Mobile
87%
2013/2014T-Mobile
87%
2014/2015T-Mobile
87%
2005/2006Orange
79%
2006/2007Orange
79%
2007/2008Orange
79%
2004/2005Idea
28%

Rozkład punktacji

Percentyl według liczby udzielonych odpowiedzi

Procent ludzi z każdym wynikiem

Twoja historia wyników

Nie rozwiązałeś tego quizu